Bible General Knowledge #6 - Statistics

General Stats
  • This quiz has been taken 29 times
  • The average score is 14 of 20
Answer Stats
Hint Answer % Correct
According to Genesis, in how many days was the world created? 7
100%
Name the three components in Trinity Father
96%
Name the three components in Trinity Holy Spirit
96%
Who did God talk to through a burning bush that was not consumed? Moses
92%
Name the three components in Trinity Son
92%
Which of Jesus' disciples was known as the 'Beloved'? John
85%
What city was Jesus' father, Joseph, from? Nazareth
85%
What Book of the Bible was written by Daniel? Daniel
77%
Whose rainbow coat was coveted by his brothers? Joseph
73%
Who built the First Temple (which was later destroyed)? King Solomon
69%
In what city is the biggest cathedral in the world? Vatican City
69%
What Christian denomination is known as the 'Church of England'? Anglican
65%
What did Peter do three times before the rooster crowed? Deny Jesus
65%
What is the last word of the Bible? Amen
62%
What did John the Baptist eat while in the wilderness? (Name either) Locusts | Wild honey
62%
On what hill was Jesus crucified on? Calvary
54%
What is the only Book of the Bible starting with 'O'? (Hint: Minor Prophet) Obadiah
46%
Who was the father of King David? Jesse
35%
What famous Christian book did John Bunyan write? Pilgrim's Progress
35%
Which biblical city is now the oldest-known city in the world? Jericho
31%
No matching quizzes found
Score Distribution
Percent of People with Each Score
Percentile by Number Answered
Your Score History
You have not taken this quiz